| 000 | 01187nam0a22002651 4500 | ||
|---|---|---|---|
| 001 | rc\479364 | ||
| 005 | 20250621101421.0 | ||
| 035 | _a(NLR Aleph) 005722443 | ||
| 090 |
_a7493579 _c7493579 |
||
| 100 | _a20030616d1987 |||y0rusy50 ca | ||
| 101 | 0 | _arus | |
| 102 | _aRU | ||
| 105 | _aa ||||||||| | ||
| 200 | 1 |
_aРанние реакции клеточных органоидов _fОтв. ред. Я.А. Винников _gАН СССР, Объед. науч. совет по комплекс. пробл. "Физиология человека и животных", Ин-т эволюц. физиологии и биохимии им. И.М. Сеченова |
|
| 210 |
_aЛ. _cНаука. Ленингр. отд-ние _d1987 |
||
| 215 |
_a118, [2] c., [10] л. ил. _cил. _d22 |
||
| 320 | _aБиблиогр.: с. 108-119 | ||
| 700 | 1 |
_aМашанский _bВ.Ф. _f1925- _gВиктор Федорович |
|
| 701 | 1 |
_7ca _8rus _aРабинович _bИ. М. _cканд. мед. наук _gИлья Моисеевич _9218849 _3RU\NLR\AUTH\770218905 |
|
| 801 | 0 |
_aRU _bNLR _gpsbo |
|
| 801 | 1 |
_aRU _bELAR _2rusmarc |
|
| 852 |
_aNLR _j87-5/4208 |
||
| 942 | _cBOOK | ||
| 980 | _aNB | ||